[Event "AUT-chT 1819"]
[Site "Austria"]
[Date "2019.01.20"]
[Round "8.1"]
[White "Atlas, Valeri"]
[Black "Shengelia, Davit"]
[Result "1-0"]
[WhiteElo "2451"]
[BlackElo "2522"]
[PlyCount "117"]
[EventDate "2018.11.15"]
[EventType "team-tourn"]
[EventRounds "11"]
[EventCountry "AUT"]
[SourceTitle "CBM 188 Extra"]
[Source "ChessBase"]
[SourceDate "2019.02.26"]
[SourceVersion "1"]
[SourceVersionDate "2019.02.26"]
[SourceQuality "1"]
[WhiteTeam "Hohenems"]
[BlackTeam "Jenbach"]
[WhiteTeamCountry "AUT"]
[BlackTeamCountry "AUT"]

1. e4 c6 2. Nf3 d5 3. Nc3 dxe4 4. Nxe4 Nf6 5. Nxf6+ exf6 6. d4 Bd6 7. Be2 0-0 8. 0-0 Bg4 9. h3 Bh5 10. Nh4 Bxe2 11. Qxe2 Re8 12. Qd3 Na6 13. Bd2 Nc7 14. Rad1 Ne6 15. Nf3 Qb6 16. c4 Qa6 17. Qc2 c5 18. d5 Nf8 19. a4 Ng6 20. b3 Bc7 21. Rfe1 Ne5 22. Nh4 g6 23. Kf1 Qd6 24. Bf4 a6 25. Re2 b5 26. Nf3 bxc4 27. bxc4 Rab8 28. Rde1 Rb4 29. Nxe5 fxe5 30. Rxe5 Rxe5 31. Bxe5 Qd7 32. Ba1 f6 33. Bxf6 Qf5 34. Qxf5 gxf5 35. Be5 Bd8 36. Bd6 Kf7 37. Rc1 Be7 38. Bc7 Bf6 39. a5 Rb2 40. Bf4 Bd4 41. Be3 Bxe3 42. fxe3 Rb4 43. Ke2 Kf6 44. Kf3 Ke5 45. g4 fxg4+ 46. hxg4 Ra4 47. Rd1 Kd6 48. e4 Rxc4 49. Kf4 Rb4 50. Kf5 c4 51. e5+ Kd7 52. d6 Rb2 53. e6+ Kd8 54. e7+ Kd7 55. Re1 Rb8 56. Kf6 h5 57. gxh5 c3 58. Kf7 c2 59. Rc1 1-0

[Event "SUI-chT"]
[Site "Switzerland"]
[Date "2018.09.08"]
[Round "6.5"]
[White "Miralles, Gilles"]
[Black "Atlas, Valeri"]
[Result "1/2-1/2"]
[WhiteElo "2407"]
[BlackElo "2455"]
[PlyCount "64"]
[EventDate "2018.03.25"]
[EventType "team-tourn"]
[EventRounds "9"]
[EventCountry "SUI"]
[SourceTitle "EXT 2019"]
[Source "ChessBase"]
[SourceDate "2018.10.10"]
[SourceVersion "1"]
[SourceVersionDate "2018.10.10"]
[SourceQuality "1"]
[WhiteTeam "Geneve"]
[BlackTeam "Luzern"]
[WhiteTeamCountry "SUI"]
[BlackTeamCountry "SUI"]

1. d4 Nf6 2. Nf3 b6 3. c4 Bb7 4. g3 g6 5. Bg2 Bg7 6. 0-0 e6 7. Bf4 0-0 8. Qc1 Re8 9. Nc3 d6 10. Bg5 Qc8 11. Re1 Ne4 12. Nxe4 Bxe4 13. Qf4 f5 14. Bh6 e5 15. dxe5 dxe5 16. Qh4 Bxh6 17. Qxh6 Bxf3 18. Bxf3 e4 19. Bg2 Nd7 20. f3 Nf6 21. Qf4 Qe6 22. Qxc7 Re7 23. Qf4 Qxc4 24. b3 Qc5+ 25. Kh1 Rae8 26. Rac1 Qe5 27. Qxe5 Rxe5 28. Red1 R8e7 29. Kg1 Kf7 30. Rc6 Nd5 31. fxe4 Ne3 32. Rd4 Nxg2 1/2-1/2

[Event "SUI-chT"]
[Site "Switzerland"]
[Date "2018.04.29"]
[Round "3.3"]
[White "Atlas, Valeri"]
[Black "Jenni, Florian"]
[Result "0-1"]
[WhiteElo "2455"]
[BlackElo "2439"]
[PlyCount "176"]
[EventDate "2018.03.25"]
[EventType "team-tourn"]
[EventRounds "9"]
[EventCountry "SUI"]
[SourceTitle "EXT 2019"]
[Source "ChessBase"]
[SourceDate "2018.10.10"]
[SourceVersion "1"]
[SourceVersionDate "2018.10.10"]
[SourceQuality "1"]
[WhiteTeam "Luzern"]
[BlackTeam "Winterthur"]
[WhiteTeamCountry "SUI"]
[BlackTeamCountry "SUI"]

1. e4 e5 2. Nf3 Nc6 3. Bc4 Nf6 4. d3 h6 5. Nc3 Bb4 6. Bd2 0-0 7. 0-0 Re8 8. Re1 d6 9. a3 Bxc3 10. Bxc3 a6 11. a4 Be6 12. b3 Ne7 13. Bxe6 fxe6 14. d4 exd4 15. Qxd4 e5 16. Qc4+ Kh7 17. Nh4 Rf8 18. Qe6 Qd7 19. Qxd7 Nxd7 20. Nf3 a5 21. Nd2 b6 22. Re3 Nc5 23. Rae1 Ne6 24. Rf3 Rxf3 25. Nxf3 Nc6 26. Bb2 Rf8 27. Re3 g5 28. Ne1 Kg6 29. f3 Rf7 30. h3 Nf4 31. Nd3 Kf6 32. c3 Nd8 33. Nf2 Nde6 34. g3 Ng6 35. Nd3 Rf8 36. Re1 Ke7 37. Kf2 h5 38. Ke3 h4 39. Rg1 hxg3 40. Rxg3 Rh8 41. Nf2 Ngf4 42. Ba3 Kf6 43. Ng4+ Kg6 44. Nf2 Rb8 45. Kd2 Kf7 46. Rg4 Rh8 47. Rg3 Kf6 48. Ng4+ Kg6 49. Nf2 Rh5 50. Kd1 Kf6 51. Ng4+ Kf7 52. Nf2 Ng6 53. Bc1 Nh4 54. Be3 Nf4 55. b4 axb4 56. cxb4 Kf6 57. a5 bxa5 58. bxa5 Rh8 59. Bd2 Rg8 60. Ng4+ Kg6 61. Nf2 Rb8 62. Kc2 Ne6 63. f4 Nd4+ 64. Kd1 Rb1+ 65. Bc1 exf4 66. Ra3 Rb7 67. Nd3 c5 68. e5 c4 69. a6 Ra7 70. exd6 cxd3 71. d7 Ne6 72. Rxd3 Rxa6 73. d8Q Nxd8 74. Rxd8 Re6 75. Rg8+ Kf5 76. Rf8+ Ke4 77. Ra8 Kf3 78. Ra5 Rd6+ 79. Kc2 Rg6 80. Ba3 Kg2 81. Be7 f3 82. Kd3 f2 83. Ra2 Kf3 84. Ra1 Re6 85. Bb4 Ng2 86. Kd4 Re4+ 87. Kc5 Ne1 88. Ra3+ Kg2 0-1